Alcuni saggi di un metodo pratico per spiegare il catechismo ai fanciulli del popolo ed agli idioti

Gespeichert in:
Bibliographische Detailangaben
1. Verfasser: Pineroli, Antonio.
Format: Buch
Sprache:Italienisch
Erschienen: Como Franchi 1855
Katalog:EDISCO:  Suchergebnis im Bibliothekskatalog
Schulbuchspezifische Eigenschaften:
Tags: Tag hinzufügen
Keine Tags, Fügen Sie den ersten Tag hinzu!
Hinzugefügt zu:30.04.2016
Geändert in:18.10.2017

MARC

LEADER 00000aam a22000007 4500
001 08488
003 OSt
005 20171018100835.0
008 160501s1855 it 000 0 ita
040 |c Gianfranco Bandini - Firenze - CLIO 
041 1 |a ita 
100 1 |a Pineroli, Antonio. 
245 0 0 |a Alcuni saggi di un metodo pratico per spiegare il catechismo ai fanciulli del popolo ed agli idioti 
260 |a Como  |b Franchi  |c 1855 
300 |a [4], 253,, 1/x ;  
901 |a 7 
942 |2 ddc  |c BK 
546 |a ita 
999 |c 8477  |d 8477 
999 |c edisco:8477  |d 8477